| 000 | 00893nam a2200217 i 4500 | ||
|---|---|---|---|
| 001 | 182930 | ||
| 003 | ES-MaACL | ||
| 005 | 20250929063301.0 | ||
| 008 | 131217s1771 fr f |||| | fre d | ||
| 100 | 1 |
_aGarsault, François Alexandre Pierre de, _d1691-1778 _9154002 |
|
| 245 | 1 | 2 |
_aL'art de la lingere / _cpar M. de Garsault. |
| 260 |
_a[Paris] : _bde l'Imprimerie L. F. Delatour, _c1771. |
||
| 300 |
_a58 p., 4 lám. ; _c44 cm. |
||
| 490 | 1 | _aDescriptions des arts et métiers faites ou approuvées par Messieurs de l'Académie Royale des Sciences | |
| 530 | _aDisponible en formato digital. | ||
| 650 | 4 |
_aLencería- _vObras anteriores a 1800. _9154019 |
|
| 830 | 0 | 0 |
_aDescriptions des arts et métiers _9241750 |
| 852 |
_aES-MaACL _jR-61(3) _xOlim: C-10827-70 |
||
| 856 |
_uhttp://gallica.bnf.fr/ark:/12148/btv1b7200315v?rk=21459;2 _zBNF-Gallica |
||
| 999 |
_c182930 _d182930 |
||